000 00462nam a2200121Ia 4500
008 160712s9999 xx 000 0 und d
100 _aSalvador, Divine Love A.
245 _cDivine Love A. Salvador
_aPagdududa: An Initial Inquiry into Filipinos’ Experience of Doubting
260 _c2011
_bPhilippine Social Sciences Review
300 _avol. 63 no. 1
650 _xSOCIAL SCIENCES
856 _uhttp://journals.upd.edu.ph/index.php/pssr/issue/view/302/showToc
999 _c297683
_d297683